000 00362nam a2200133Ia 4500
008 220217s9999||||xx |||||||||||||| ||und||
082 _a621.381 5 SCH
100 _aSchiling, Donald and Belove, Charles
245 0 _aElectronic circuits
250 _a3rd
260 _aTata mcgraw hill company Ltd
_bNew Delhi
_c2004
300 _b0
650 _aCIRCUITRY
999 _c174600
_d174600